000 00696nam a2200265Ia 4500
008 170203s9999 xx 000 0 und d
020 _a9781592497034
050 _aFic
050 _b.Am489 2007
100 _aGiancamilli, Vanessa
245 _aGecko Gathering /
245 _cby Vanessa Giancamilli ; illustrated by Kristin Kest.
260 _bLittle Soundprints.
260 _c2007
300 _a23 pages ;
440 _aAmazing Animal Adventures
650 _aGeckos--
650 _aGeckos--
650 _aRain forests--
650 _aTibet Autonomous Region (China)--
650 _xFiction.
650 _xFiction.
650 _xFiction.
650 _xJuvenile fiction.
999 _c305985
_d305985